007310000a22002290004500003001100000005001700011008004100028020001500069040003900084041000800123082001500131245007000146260005000216300001800266650002500284650003100309700002500340700002400365942000700389952009200396999001300488LK-CoMWRAF20231211135308.0230817t2003 ||||| |||| 00| 0 eng d a0952652315 aLK-CoMWRAFdLK-CoMWRAFeLK-CoMWRAF aeng a305.42bWE aWe are making changes : ba handbook by and for young Asian women aLondon:bAsian women unite publication,c2003 a22 p. ; 30 cm aASIANS-Great Britain aYoung women- Great Britain aWilson, Amritecomp. aPatel, Kiraneills. cBK 00104070aMAINbMAINd2023-08-17l0o305.8914 WEpRAF3289r2023-08-17w2023-08-17yBK c684d684